| 000 | 00805cam a22002173a 4500 | ||
|---|---|---|---|
| 001 | 39038 | ||
| 003 | PGUSA | ||
| 005 | 20140828083849.0 | ||
| 008 | 120303s2012||||xxu|||||s|||||000 | eng d | ||
| 040 |
_aPGUSA _beng |
||
| 042 | _adc | ||
| 100 | 1 |
_aErasmus, Desiderius, _d1469-1536 |
|
| 245 | 1 | 0 |
_aOne dialogue, or Colloquye of Erasmus (entituled Diuersoria) : _bTranslated oute of Latten into Englyshe: And Imprinted, to the ende that the Judgement of the Learned maye be hadde before the Translator procede in the reste. _h[electronic resource] / _cDesiderius Erasmus |
| 260 |
_bProject Gutenberg, _c2012 |
||
| 506 | _aPublic domain in the USA. | ||
| 516 | _aElectronic text | ||
| 700 | 1 | _aE. H. | |
| 830 | 0 |
_aProject Gutenberg _v39038 |
|
| 856 | 4 | 0 | _uhttp://www.gutenberg.org/ebooks/39038 |
| 942 | _cEB | ||
| 999 |
_c268291 _d268291 |
||